Statistics for 100 Greatest Footballers of all Time

Click here to take the quiz!

General Stats

  • This quiz has been taken 4,361 times
  • The average score is 24 of 100

Answer Stats

#NationalityPlayer% Correct
1ArgentinaLionel Messi
99%
6PortugalCristiano Ronaldo
97%
2BrazilPelé
97%
9BrazilRonaldo
97%
3ArgentinaDiego Maradona
96%
4NetherlandsJohann Cruyff
84%
8HungaryFerenc Puskas
77%
36FranceZinedine Zidane
75%
17GermanyGerd Müller
69%
74BrazilRonaldinho
68%
63SpainLuis Suarez
66%
13Northern IrelandGeorge Best
65%
12ItalyPaolo Maldini
63%
7GermanyFranz Beckenbauer
60%
5ArgentinaAlfredo Di Stefano
50%
10FranceMichel Platini
50%
40SpainXavi
46%
90SpainAndres Iniesta
44%
20PortugalEusebio
44%
26RussiaLev Yashin
43%
28NetherlandsMarco Van Basten
43%
11BrazilGarrincha
42%
39ItalyGianluigi Buffon
41%
85NetherlandsRuud Gullit
40%
15EnglandBobby Charlton
36%
96GermanyPhilipp Lahm
36%
70WalesRyan Giggs
36%
33EnglandBobby Moore
35%
83BrazilCafu
34%
32GermanyLothar Matthäus
31%
27BrazilRomario
30%
16BrazilZico
30%
21ItalyFranco Baresi
29%
61ItalyAndrea Pirlo
28%
80SpainIker Casillas
27%
87MexicoHugo Sanchez
26%
38BrazilSocrates
24%
82IrelandRoy Keane
22%
93ScotlandKenny Dalglish
21%
94ArgentinaJavier Zanetti
20%
44BrazilCarlos Alberto
19%
50NetherlandsFrank Rijkaard
17%
78DenmarkMichael Laudrup
17%
99HungaryFlorian Albert
16%
49BrazilJairzinho
16%
71ItalyDino Zoff
15%
77FranceEric Cantona
14%
72GermanyKarl-Heinz Rummenigge
13%
25ItalyGuiseppe Meazza
12%
62EnglandGordon Banks
11%
92SpainSergio Busquets
11%
75FranceRaymond Kopa
10%
60HungarySandor Kocsis
10%
57ArgentinaDaniel Passarella
9%
34BrazilDidi
9%
47NetherlandsJohann Neeskens
9%
89Czech Republic / AustriaJosef Bican
9%
29EnglandStanley Matthews
9%
48ItalyGianni Rivera
8%
22WalesJohn Charles
8%
54BrazilRivelino
8%
37BrazilDjalma Santos
7%
30SwedenGunnar Nordahl
7%
31BrazilNilton Santos
7%
56SpainPaco Gento
7%
18AustriaMatthias Sindelar
6%
46ItalySandro Mazzola
6%
35ItalyValentino Mazzola
6%
45GermanyFritz Walter
5%
66ItalyGiacinto Facchetti
5%
52EnglandJimmy Greaves
5%
14UruguayJose Andrade
5%
79Czech RepublicJosef Masopust
5%
42UruguayJuan Alberto Schiaffino
5%
65HungaryLászló Kubala
5%
76ArgentinaOmar Sivori
5%
98GermanyUwe Seeler
5%
59ChileElias Figueroa
4%
88ItalyGaetano Scirea
4%
19ArgentinaJose Manuel Moreno
4%
73SwedenNiels Liedholm
4%
41NetherlandsRuud Krol
4%
91EnglandDixie Dean
3%
58GermanyGunter Netzer
3%
24HungaryJozsef Bozsik
3%
84BrazilLeonidas
3%
51HungaryNandor Hidegkuti
3%
69PhilippinesPaulino Alcántara
3%
97ItalySilvio Piola
3%
68BrazilZizinho
3%
23ArgentinaAdolfo Pedernera
2%
64SerbiaDragan Džajić
2%
53AustriaErnst Ocwirk
2%
100ItalyGuiseppe Bergomi
2%
67SwedenKurt Hamrin
2%
43PortugalMario Coluna
2%
81EnglansTom Finney
2%
95HungaryZoltan Czibor
2%
55EnglandNeil Franklin
1%
86ArgentinaRaimundo Orsi
1%

Score Distribution

Percentile by Number Answered

Percent of People with Each Score

Your Score History

You have not taken this quiz